000 01074pam a2200313 a 4500
999 _c5300
_d5300
001 21081387
003 OSt
005 20190102182447.0
008 920602s1990 nyu b 001 0 eng
010 _a90031428
020 _a0910608423
_c(alk. paper)
035 _a0071-70160
040 _aDLC
_cDLC
050 0 0 _aZ696
_b.D5192 1990
082 _aREF 025.4
_bD519A
100 1 _aDewey, Melvil,
_d1851-1931
245 1 0 _aAbridged Dewey decimal classification and relative index /
_cdevised by Melvil Dewey
250 _aEd. 12 /
_bedited by John P. Comaromi, Julianne Beall, Winton E. Matthews, Jr., Gregory R. New
260 _aAlbany, N.Y. :
_bForest Press, a division of OCLC Online Computer Library Center,
_c1990
300 _axiii, 857 p. ;
_c24 cm
504 _aIncludes bibliographical references (p. 24)
650 0 _aClassification, Dewey decimal
700 1 _aComaromi, John P.
_q(John Phillip),
_d1937-
700 1 _aBeall, Julianne,
_d1946-
700 1 _aMatthews, Winton E
700 1 _aNew, Gregory R
710 2 0 _aForest Press
942 _2ddc
_cREF